| 000 | 00867nam a2200217Ia 4500 | ||
|---|---|---|---|
| 003 | OSt | ||
| 005 | 20250801110036.0 | ||
| 008 | 191128s2013 ck o gr 000 j spa d | ||
| 020 | _a9789584636935 | ||
| 040 |
_aCO-JMCR _cCO-JMCR |
||
| 041 | 0 | _aspa | |
| 082 | 0 | 4 |
_aA-C _bKRAc |
| 100 | 1 |
_aKraus, Lorena, _eautora _93576 |
|
| 245 | 1 | 3 |
_aLa chupa sangre de mi sangre / _cLorena Kraus |
| 250 | _aPrimera edición | ||
| 260 |
_aBogotá : _bIdartes : Toquica : Cainpress, _c2013 |
||
| 300 |
_a57 páginas : _bfotografías en blanco y negro ; _c17 cm. |
||
| 520 | _aLa realilzación de esta serie de publicaciones fue gracias al premio "Beca de publicación periódica sobre artes plásticas y visuales" de la Gerencia de artes plásticas y visuales de IDARTES. Portafolio distrital de estímulos 2012. | ||
| 650 | 1 | 4 |
_aCuentos cortos colombianos _93577 |
| 942 |
_2ddc _cBK |
||
| 999 |
_c3326 _d3326 |
||